000 00570nam a2200229Ia 4500
005 20260320201334.0
008 008 262003s9999 xx 000 0 eng d
037 _aEBOOK
040 _aCRL
040 _beng
040 _cCRL
041 _2eng
041 _aeng
084 _qCRL
100 _aIacobucci
_91134827
245 0 _aReconfigurable Radio Systems: Network Architectures and Standards
260 _bIEEE
856 _uhttps://ieeexplore.ieee.org/servlet/opac?bknumber=8040032
942 _cEBOOK
999 _c1720637
_d1720637